00473nam a22001452 4500001001100000005001700011008004100028020002700069040001500096245008500111260004400196300001300240650004000253700003400293000000859820151217161138.0080430s xx 000 0 eng d a0801020743 :cKES 2500 aKABUcKABU10aEvangelical dictionary of the world missions /cgeneral editor, A. Scott Moreau. aGrand Rapids, MI :bBaker Books,c2000. a1068 p. 0aMissionsvDictionaries.@00001592371 aMoreau, A. Scott.@0000159238